00000000nam##2200000za#4500
0019.612914
003CaOODSP
00520211126112846
007ta
008150406|1996||||xxc|||||     f|0| 0 eng|d
020 |a0-662-24296-3
022 |a1192-5434
040 |aCaOODSP|beng
043 |an-cn---
0861 |aFB3-2/96-4E
1102 |aBank of Canada.
24510|aOvernight rate innovations as a measure of monetary policy shock in vector autoregressions / |cby Jamie Armour et al.
260 |aOttawa - Ontario : |bBank of Canada |c1996.
300 |aiv, 55p. : |bgraphs, references ; |c28 cm.
4901 |aWorking paper|x1192-5434|v96-4
500 |a"The authors examine the Bank of Canada's overnight rate as a measure of monetary policy in vector autoregression (VAR) models."--Abstract.
5203 |aThe authors examine the Bank of Canada's overnight rate as a measure of monetary policy in vector autoregression (VAR) models.--Abstract
546 |aRésumés en français
563 |aSoftcover
590 |a96-17|b1996-04-26
69007|aCurrency|2gcpds
7201 |aArmour, Jamie
7760#|tOvernight rate innovations as a measure of monetary policy shocks in vector autoregressions / |w(CaOODSP)9.571651
830#0|aWorking paper,|x1192-5434|v96-4|w(CaOODSP)9.514622